000 00755nam a2200241 a 4500
005 20200104041513.0
008 140221b1998 ck ||||| |||| 00| 0 spa d
040 _aCO-BoIAVH
_cCO-BoIAVH
041 _aspa
044 _ack
090 _aLB
_b00629
110 _bInstituto de Hidrología, Meteorología y Estudios Ambientales
_942834
245 _aEstudio nacional de procesos morfodinámicos
_bla erosión, la sedimentación y la estabilidad de la formación superficial en Colombia
260 _aBogotá
_bIDEAM
_c1998
300 _a143 p.
650 _aErosión
_942835
650 _aSedimentación
_942836
650 _aSuelos
_9287
650 _aGeomorfología
_942838
650 _aFisiografía
_98343
662 _aColombia
942 _cINFORME
_2z
999 _c645
_d645